000 00453nam a2200181Ia 4500
008 230524s9999 xx 000 0 und d
020 _a9788131716700
082 _a338.04
_bBER
100 _aBarry Berman
245 0 _a"Retail Management A Strategic Approach, "
250 _a10TH
260 _aNEW DELHI
_bPearson
_c2009
300 _aXIII;667
500 _aQuantity Number: 7
650 _aManagement
700 _a Joel R.Evans
942 _cBK
999 _c46645
_d46645